000 00410nam a2200157Ia 4500
003 OSt
005 20230526162038.0
008 211028s2016 xx 000 0 und d
040 _cAIMIT LIBRARY
041 _aeng
100 _aRosario, Reshma; Srinivas, B L.
_98652
_e141920
110 _aSrinivas B L
_98653
245 _aFinancial asset management system.
260 _aMangalore
_c2016
942 _2ddc
_cPRO
999 _c219995
_d219995